Two sermons preached at the Chapel Royal, St. James's : By Beilby Porteus, ...

Bibliographic Details
Main Author: Porteus, Beilby, 1731-1809
Format: eBook
Language:English
Edition:The third edition, corrected.
Series:Eighteenth century collections online.
Online Access:Full text online

MARC

Tag First Indicator Second Indicator Subfields
LEADER 00000cam a2200000 4500
001 in00001908681
006 m | d |
007 cr |n||||||||n
008 860207s1773 enk|||| s 00| ||eng d
005 20260407205912.0
035 |a (CStRLIN)ESTCN22263 
040 |a Cu-RivES  |c Cu-RivES  |d CStRLIN  |d Thomson Gale  |d UtOrBLW 
100 1 |a Porteus, Beilby,  |d 1731-1809. 
245 1 0 |a Two sermons preached at the Chapel Royal, St. James's :  |b By Beilby Porteus, ... 
250 |a The third edition, corrected. 
264 3 |a London :  |b printed by H. Hughs: and sold by T. Payne; and J. and T. Merrill, at Cambridge,  |c 1773. 
300 |a 4 unnumbered pages, 36p. ;  |c 4⁰. 
336 |a text  |b txt  |2 rdacontent 
337 |a computer  |b c  |2 rdamedia 
338 |a online resource  |b cr  |2 rdacarrier 
500 |a Reproduction of original from the Cambridge University Library. 
510 4 |a English Short Title Catalog,  |c ESTCN22263. 
533 |a Electronic reproduction.  |b Farmington Hills, Mich. :  |c Thomson Gale,  |d 2003.  |n Available via the World Wide Web.  |n Access limited by licensing agreements  |7 s2003 miunns 
500 |a Electronic resource. 
830 0 |a Eighteenth century collections online. 
856 4 0 |u http://proxy.library.tamu.edu/login?url=https://galenet.galegroup.com/servlet/ECCO?c=1&stp=Author&ste=11&af=BN&ae=N022263&tiPG=1&dd=0&dc=flc&docNum=CW123135862&vrsn=1.0&srchtp=a&d4=0.33&n=10&SU=0LRF&locID=txshracd2898  |z Full text online  |t 0 
999 |a MARS 
999 f f |s a7b75d51-0cbf-359c-9b78-93fc03a0a7ce  |i 595cd4c1-3130-3400-a8dd-761df3bdaab3  |t 0 
952 f f |a Texas A&M University  |b College Station  |c Electronic Resources  |s www_evans  |d Available Online  |t 0  |h No information provided 
998 f f |t 0  |l Available Online